[Event "Morbihan-ch 0304"]
[Site "Morbihan"]
[Date "2004.03.27"]
[Round "6"]
[White "Faure, Lionel"]
[Black "Burillier, Herve"]
[Result "1-0"]
[WhiteElo "1220"]
[BlackElo "1499"]
[PlyCount "122"]
[EventDate "2003.10.??"]
[EventType "swiss"]
[EventRounds "7"]
[EventCountry "FRA"]
[SourceTitle "EXT 2005"]
[Source "ChessBase"]
[SourceDate "2004.11.15"]
[SourceVersion "1"]
[SourceVersionDate "2004.11.15"]
[SourceQuality "1"]

1. c4 d6 2. Nc3 Nf6 3. Nf3 g6 4. b3 Bg7 5. Bb2 c5 6. Rb1 0-0 7. g3 Bf5 8. d3 Qa5 9. Qd2 Qd8 10. Bg2 Qd7 11. 0-0 Bh3 12. d4 Bxg2 13. Kxg2 cxd4 14. Nxd4 Nc6 15. Nf3 Rfe8 16. a3 e5 17. Ng5 Bh6 18. f4 exf4 19. Qxf4 Bxg5 20. Qxg5 Ng4 21. Nd5 Rxe2+ 22. Kg1 Qe6 23. Qxg4 Qxg4 24. Nf6+ Kf8 25. Nxg4 Rae8 26. Nh6 f5 27. g4 Rc2 28. gxf5 Ree2 29. fxg6+ Ke8 30. Rfe1 hxg6 31. Rxe2+ Rxe2 32. h4 Re3 33. Bf6 Re4 34. Rd1 Re6 35. Bg5 Kd7 36. c5 d5 37. Rxd5+ Kc7 38. Ng8 b6 39. Bf4+ Kb7 40. cxb6 axb6 41. Bg5 Ka6 42. Nf6 b5 43. Nd7 Re2 44. Rd6 Kb7 45. Rxg6 Nd4 46. h5 Nf3+ 47. Kf1 Rh2 48. h6 Nxg5 49. Rxg5 Rxh6 50. Rxb5+ Ka6 51. Rb4 Rh2 52. Ke1 Ra2 53. a4 Ka5 54. Rc4 Rb2 55. Nc5 Kb6 56. Kd1 Rh2 57. b4 Ra2 58. Nd7+ Ka6 59. Nc5+ Kb6 60. Kc1 Rxa4 61. Nxa4+ Kb5 1-0

[Event "Morbihan-ch 0304"]
[Site "Morbihan"]
[Date "2004.02.18"]
[Round "5"]
[White "Burillier, Herve"]
[Black "Sellin, Alain"]
[Result "0-1"]
[WhiteElo "1499"]
[BlackElo "1550"]
[PlyCount "28"]
[EventDate "2003.10.??"]
[EventType "swiss"]
[EventRounds "7"]
[EventCountry "FRA"]
[SourceTitle "EXT 2005"]
[Source "ChessBase"]
[SourceDate "2004.11.15"]
[SourceVersion "1"]
[SourceVersionDate "2004.11.15"]
[SourceQuality "1"]

1. c4 c5 2. Nc3 Nf6 3. Nf3 Nc6 4. d3 e6 5. g3 d5 6. cxd5 exd5 7. Bg2 d4 8. Nb5 a6 9. Na3 b5 10. Nxd4 Nxd4 11. Bxa8 Bh3 12. Bb7 Bd6 13. Bg5 Qe7 14. Bxa6 Nf3# 0-1

[Event "Morbihan-ch 0304"]
[Site "Morbihan"]
[Date "2003.10.18"]
[Round "1"]
[White "Burillier, Herve"]
[Black "Ropert, Mickael"]
[Result "1/2-1/2"]
[WhiteElo "1499"]
[BlackElo "1410"]
[PlyCount "52"]
[EventDate "2003.10.??"]
[EventType "swiss"]
[EventRounds "7"]
[EventCountry "FRA"]
[SourceTitle "EXT 2005"]
[Source "ChessBase"]
[SourceDate "2004.11.15"]
[SourceVersion "1"]
[SourceVersionDate "2004.11.15"]
[SourceQuality "1"]

1. c4 e5 2. Nc3 Nc6 3. Nf3 Nf6 4. g3 d5 5. cxd5 Nxd5 6. e4 Nxc3 7. bxc3 Bg4 8. Bg2 Qd7 9. 0-0 Bh3 10. d4 Bxg2 11. Kxg2 exd4 12. cxd4 0-0-0 13. d5 Qe8 14. Qc2 Ne5 15. Bf4 Bd6 16. Rac1 f6 17. Bxe5 fxe5 18. Ng5 Rd7 19. Ne6 h5 20. h4 Qe7 21. Rb1 Rg8 22. Rxb7 Kxb7 23. Qc6+ Kb8 24. a4 Bb4 25. Qb5+ Ka8 26. Qc6+ Kb8 1/2-1/2